[Event "Domloup op-B"]
[Site "Domloup"]
[Date "2013.08.30"]
[Round "1"]
[White "Luis, Theo"]
[Black "Al Ahdab, Nasir"]
[Result "0-1"]
[WhiteElo "1332"]
[BlackElo "1499"]
[PlyCount "98"]
[EventDate "2013.08.30"]
[EventType "swiss"]
[EventRounds "5"]
[EventCountry "FRA"]
[SourceTitle "CBM 156 Extra"]
[Source "ChessBase"]
[SourceDate "2013.10.22"]
[SourceVersion "1"]
[SourceVersionDate "2013.10.22"]
[SourceQuality "1"]

1. e4 e6 2. d4 d5 3. e5 c5 4. c3 Nc6 5. Nf3 Qb6 6. Bd3 Bd7 7. dxc5 Bxc5 8. 0-0 f6 9. exf6 gxf6 10. b4 Bd6 11. a3 Ne5 12. Bb2 Nxd3 13. Qxd3 Bb5 14. Qd1 Bxf1 15. Qxf1 Ne7 16. Nbd2 Kf7 17. Qe2 h5 18. Re1 e5 19. c4 Qd8 20. cxd5 Nxd5 21. Nc4 Nf4 22. Qe4 Qe7 23. Rd1 Rad8 24. Rxd6 Rxd6 25. Nxd6+ Qxd6 26. Qxb7+ Qe7 27. Qe4 h4 28. Qf5 Rh5 29. Qg4 Qe6 30. Qxe6+ Kxe6 31. g4 hxg3 32. hxg3 Nd3 33. Bc3 Rh8 34. Ne1 Nxe1 35. Bxe1 Rc8 36. f4 e4 37. Bf2 a6 38. Be1 Rc1 39. Kf2 Ra1 40. Ke3 Rxe1+ 41. Kd4 Kd6 42. g4 Rg1 43. g5 fxg5 44. fxg5 Rxg5 45. Kxe4 Rd5 46. Ke3 Kc6 47. Ke4 Rd1 48. Ke3 Kb5 49. Ke2 Rd8 0-1